[Event "ch-Schachbundesliga 2020"]
[Site "Karlsruhe GER"]
[Date "2020.09.17"]
[Round "2.2"]
[Board "7"]
[White "Schenk, Andreas"]
[Black "Bacrot, Etienne"]
[Result "0-1"]
[WhiteTitle "IM"]
[BlackTitle "GM"]
[WhiteElo "2431"]
[BlackElo "2673"]
[WhiteTeam "FC Bayern Muenchen"]
[BlackTeam "OSG Baden-Baden"]
[WhiteFideId "4644891"]
[BlackFideId "605506"]
[EventDate "2020.09.16"]

1. d4 d5 2. c4 e6 3. Nf3 Nf6 4. Nc3 Be7 5. Bf4 O-O 6. e3 b6 7. Bd3 dxc4 8. Bxc4
Bb7 9. O-O Nbd7 10. Qe2 Nd5 11. Nxd5 exd5 12. Ba6 Bxa6 13. Qxa6 Qc8 14. Qxc8
Raxc8 15. Rac1 c6 16. Rfd1 Rfd8 17. Kf1 f6 18. Rc2 Kf7 19. Ke2 Nf8 20. g4 Ne6
21. Bg3 a5 22. Nd2 h5 23. gxh5 Rh8 24. Nb1 Rxh5 25. Nc3 Rd8 26. Na4 b5 27. Nc3
Ke8 28. Rdc1 Kd7 29. Kd3 Bd6 30. Nb1 Rc8 31. Nd2 Bb4 32. Nf3 g5 33. Ke2 a4 34.
Kd3 Be7 35. Ke2 Bd6 36. Ne1 f5 37. Bxd6 Kxd6 38. Nd3 Rxh2 39. Nb4 c5 40. dxc5+
Rxc5 41. Nd3 Rc4 42. Kf3 g4+ 43. Kg3 Rh3+ 44. Kg2 f4 45. Nxf4 Nxf4+ 46. exf4 Rf3
47. Rxc4 bxc4 48. Rc2 a3 0-1

[Event "ch-Schachbundesliga 2020"]
[Site "Karlsruhe GER"]
[Date "2020.09.17"]
[Round "2.2"]
[Board "8"]
[White "Movsesian, Sergei"]
[Black "Grafl, Florian"]
[Result "1-0"]
[WhiteTitle "GM"]
[BlackTitle "IM"]
[WhiteElo "2649"]
[BlackElo "2353"]
[WhiteTeam "OSG Baden-Baden"]
[BlackTeam "FC Bayern Muenchen"]
[WhiteFideId "310204"]
[BlackFideId "4645715"]
[EventDate "2020.09.16"]

1. e4 d5 2. exd5 Qxd5 3. Nc3 Qd6 4. d4 Nf6 5. Nf3 c6 6. h3 Bf5 7. g3 h6 8. Bg2
e6 9. O-O Be7 10. a3 O-O 11. Qe2 Qd8 12. Re1 Nbd7 13. Ne5 Nb6 14. Rd1 Nbd5 15.
Na2 Nd7 16. c4 N5f6 17. Nc3 Qc7 18. Bf4 Nxe5 19. Bxe5 Qb6 20. b4 Nd7 21. Bf4 Bf6
22. Rac1 Rfe8 23. Be3 Qc7 24. d5 Bxc3 25. Rxc3 cxd5 26. Rcc1 d4 27. Rxd4 e5 28.
Rd2 Nf6 29. Rcd1 Rac8 30. c5 Be4 31. f3 Bf5 32. Rd6 Kh7 33. Qd2 Re6 34. g4 Bg6
35. h4 Rxd6 36. cxd6 Qd7 37. h5 Bc2 38. Rc1 Qa4 39. Bf1 e4 40. Bd4 Nd7 41. fxe4
Rc6 42. e5 Be4 43. Rxc6 Qxc6 44. Qc3 Qa4 45. Be2 Nf8 46. Be3 a6 47. Qc4 1-0

[Event "ch-Schachbundesliga 2020"]
[Site "Karlsruhe GER"]
[Date "2020.09.17"]
[Round "2.3"]
[Board "1"]
[White "L'Ami, Erwin"]
[Black "Seel, Christian"]
[Result "1-0"]
[WhiteTitle "GM"]
[BlackTitle "IM"]
[WhiteElo "2620"]
[BlackElo "2475"]
[WhiteTeam "SG Solingen"]
[BlackTeam "Aachener SV"]
[WhiteFideId "1007998"]
[BlackFideId "4663098"]
[EventDate "2020.09.16"]

1. e4 e5 2. Nf3 d6 3. d4 exd4 4. Nxd4 Nf6 5. Nc3 Be7 6. Bf4 O-O 7. Qd2 d5 8.
O-O-O Nxe4 9. Nxe4 dxe4 10. Bc4 Nc6 11. Nxc6 bxc6 12. Qe3 Bd6 13. Qxe4 Qh4 14.
Rd4 Qxf2 15. Bxd6 cxd6 16. Rf1 Bf5 17. Rxf2 Bxe4 18. Rxe4 d5 19. Bxd5 cxd5 20.
Rd4 Rad8 21. Rfd2 f5 22. Rxd5 Rxd5 23. Rxd5 f4 24. c4 Rf6 25. c5 a5 26. Kc2 Rg6
27. Kb3 Kf7 28. Rd2 Ke7 29. Ka4 Rh6 30. h3 Rc6 31. Kb5 Rc8 32. c6 a4 33. Rd7+
Kf6 34. c7 h5 35. Kc6 g5 36. Rd8 1-0

[Event "ch-Schachbundesliga 2020"]
[Site "Karlsruhe GER"]
[Date "2020.09.17"]
[Round "2.3"]
[Board "3"]
[White "Smeets, Jan"]
[Black "Vandenbussche, Thibaut"]
[Result "1-0"]
[WhiteTitle "GM"]
[BlackTitle "IM"]
[WhiteElo "2585"]
[BlackElo "2435"]
[WhiteTeam "SG Solingen"]
[BlackTeam "Aachener SV"]
[WhiteFideId "1007246"]
[BlackFideId "204412"]
[EventDate "2020.09.16"]

1. e4 e6 2. d4 d5 3. exd5 exd5 4. Nf3 Bd6 5. c4 Nf6 6. c5 Be7 7. Bd3 b6 8. Be3
O-O 9. O-O bxc5 10. dxc5 Bg4 11. Nbd2 Nc6 12. Qa4 Bd7 13. Bb5 Qe8 14. Rfe1 Nd8
15. Bxd7 Qxd7 16. Qa6 Ng4 17. b4 Nc6 18. a3 Bf6 19. Rad1 Rae8 20. Bf4 Nd4 21. h3
Qf5 22. Bxc7 Nxf2 23. Kxf2 Re6 24. Rxe6 fxe6 25. Kg1 g5 26. Rf1 Nxf3+ 27. Rxf3
Bd4+ 28. Kh1 Qg6 29. Rxf8+ Kxf8 30. Bd6+ Kg7 31. Qf1 Bf6 32. c6 1-0

[Event "ch-Schachbundesliga 2020"]
[Site "Karlsruhe GER"]
[Date "2020.09.17"]
[Round "2.3"]
[Board "4"]
[White "Piceu, Tom"]
[Black "Nikolic, Predrag"]
[Result "1/2-1/2"]
[WhiteTitle "IM"]
[BlackTitle "GM"]
[WhiteElo "2347"]
[BlackElo "2562"]
[WhiteTeam "Aachener SV"]
[BlackTeam "SG Solingen"]
[WhiteFideId "201952"]
[BlackFideId "14400014"]
[EventDate "2020.09.16"]

1. d4 Nf6 2. c4 e6 3. Nf3 b6 4. a3 d5 5. cxd5 exd5 6. Nc3 Be7 7. Bf4 O-O 8. e3
c5 9. dxc5 bxc5 10. Bd3 Nc6 11. O-O Bb7 12. Rc1 d4 13. Ne4 dxe3 14. Bxe3 Nd4 15.
Nxc5 Bxc5 16. Rxc5 Bxf3 17. gxf3 Nxf3+ 18. Qxf3 Qxd3 19. Rd1 Qb3 20. Rg5 Qe6 21.
Bd4 h6 22. Rg3 Rad8 23. Rd3 Kh7 24. Re3 Qd6 25. Qf5+ g6 26. Qxf6 Qxd4 27. Rxg6
Qd1+ 28. Kg2 Qd5+ 29. Kg1 Qd1+ 30. Kg2 Qd5+ 31. Kg1 Qd1+ 1/2-1/2

[Event "ch-Schachbundesliga 2020"]
[Site "Karlsruhe GER"]
[Date "2020.09.17"]
[Round "2.3"]
[Board "5"]
[White "Naumann, Alexander"]
[Black "Klein, Felix"]
[Result "1/2-1/2"]
[WhiteTitle "GM"]
[BlackTitle "FM"]
[WhiteElo "2539"]
[BlackElo "2307"]
[WhiteTeam "SG Solingen"]
[BlackTeam "Aachener SV"]
[WhiteFideId "4623169"]
[BlackFideId "24600458"]
[EventDate "2020.09.16"]

1. e4 e5 2. Nf3 Nc6 3. Bc4 Bc5 4. c3 Nf6 5. d3 a6 6. a4 Ba7 7. O-O d6 8. Re1 h6
9. Nbd2 O-O 10. Nf1 Re8 11. Ng3 Be6 12. Bxe6 Rxe6 13. b4 d5 14. Qc2 b5 15. Bb2
Qf8 16. h3 Bb6 17. Nf5 Rd8 18. axb5 axb5 19. Bc1 d4 20. Rb1 dxc3 21. Qxc3 Rd7
22. Bb2 Nxb4 23. Nxe5 Rxe5 24. Qxe5 Nxd3 25. Qxb5 Bxf2+ 26. Kf1 Nxb2 27. Re2 Nd3
28. e5 Rd5 29. Qc4 Nxe5 30. Qxc7 Rc5 31. Qe7 Qxe7 32. Nxe7+ Kf8 33. Nf5 Ned7 34.
Ra1 Kg8 35. Ne7+ Kh7 36. Kxf2 g6 37. Ra7 Kg7 38. Ra6 Ne5 39. Ra8 Nd3+ 40. Kg1 h5
41. Rc8 Rb5 42. Rc7 Nd5 43. Nxd5 1/2-1/2

[Event "ch-Schachbundesliga 2020"]
[Site "Karlsruhe GER"]
[Date "2020.09.17"]
[Round "2.3"]
[Board "6"]
[White "Lamby, Philipp"]
[Black "Wegerle, Joerg"]
[Result "1/2-1/2"]
[BlackTitle "IM"]
[WhiteElo "2130"]
[BlackElo "2401"]
[WhiteTeam "Aachener SV"]
[BlackTeam "SG Solingen"]
[WhiteFideId "4657160"]
[BlackFideId "4644743"]
[EventDate "2020.09.16"]

1. d4 d5 2. c4 c6 3. Nf3 Nf6 4. e3 g6 5. Nc3 Bg7 6. Bd3 O-O 7. O-O Bf5 8. cxd5
Bxd3 9. Qxd3 cxd5 10. Bd2 Nc6 11. Rfc1 e6 12. Na4 Ne4 13. Nc5 Nxc5 14. Rxc5 Qb6
15. Rb5 Qa6 16. Rb3 Qxd3 17. Rxd3 Rfc8 18. Rb3 Rc7 19. Rc1 Rac8 20. Rbc3 Bf8 21.
R3c2 Bd6 22. Ne1 f6 23. Nd3 b6 24. Bb4 Nxb4 25. Nxb4 Rc4 26. b3 Rxc2 27. Rxc2
Rxc2 28. Nxc2 Kf7 29. Kf1 h5 30. h3 g5 31. g4 hxg4 1/2-1/2

[Event "ch-Schachbundesliga 2020"]
[Site "Karlsruhe GER"]
[Date "2020.09.17"]
[Round "2.3"]
[Board "7"]
[White "Kreisl, Robert"]
[Black "Jablonowski, Christoph"]
[Result "1/2-1/2"]
[WhiteTitle "IM"]
[WhiteElo "2401"]
[BlackElo "1969"]
[WhiteTeam "SG Solingen"]
[BlackTeam "Aachener SV"]
[WhiteFideId "1613880"]
[BlackFideId "24629790"]
[EventDate "2020.09.16"]

1. d4 Nf6 2. Bf4 g6 3. Nc3 d5 4. e3 Bg7 5. Nb5 Na6 6. Nf3 c6 7. Nc3 Qa5 8. Nd2
Nb8 9. Be2 O-O 10. h4 h5 11. Nb3 Qd8 12. f3 Nbd7 13. Qd2 b5 14. a3 Re8 15. e4 e5
16. dxe5 Nxe5 17. Bg5 Qb6 18. Be3 Qc7 19. Bf4 dxe4 20. Nxe4 Nxe4 21. fxe4 Qe7
22. Bg5 Qc7 23. Bf4 Qe7 24. Bg5 Qc7 25. Bf4 1/2-1/2

[Event "ch-Schachbundesliga 2020"]
[Site "Karlsruhe GER"]
[Date "2020.09.17"]
[Round "2.3"]
[Board "8"]
[White "Rache, Ralf"]
[Black "Halvax, Georg"]
[Result "0-1"]
[BlackTitle "IM"]
[WhiteElo "1889"]
[BlackElo "2402"]
[WhiteTeam "Aachener SV"]
[BlackTeam "SG Solingen"]
[WhiteFideId "1270447"]
[BlackFideId "1619543"]
[EventDate "2020.09.16"]

1. e4 c5 2. Nf3 Nc6 3. d4 cxd4 4. Nxd4 g6 5. Nc3 Bg7 6. Be3 Nf6 7. Bc4 O-O 8.
Bb3 a6 9. f3 Qc7 10. Qd2 b5 11. O-O-O Bb7 12. h4 h5 13. Nd5 Nxd5 14. exd5 Ne5
15. Bh6 Qd6 16. Bxg7 Kxg7 17. g4 Rh8 18. Rdg1 Rac8 19. Qg2 Qf6 20. Qg3 Nd3+ 21.
Kb1 Qxd4 22. cxd3 Bxd5 23. Bxd5 Qxd5 24. d4 d6 25. Re1 e6 26. Qf4 Rc4 27. Rd1 e5
28. Qg3 Rxd4 29. Rxd4 Qxd4 30. Rc1 Qd3+ 31. Ka1 Rc8 0-1

[Event "ch-Schachbundesliga 2020"]
[Site "Karlsruhe GER"]
[Date "2020.09.17"]
[Round "2.4"]
[Board "2"]
[White "Kryvoruchko, Yuriy"]
[Black "Baldauf, Marco"]
[Result "1-0"]
[WhiteTitle "GM"]
[BlackTitle "GM"]
[WhiteElo "2682"]
[BlackElo "2503"]
[WhiteTeam "SC Viernheim"]
[BlackTeam "SF Berlin"]
[WhiteFideId "14109182"]
[BlackFideId "4688210"]
[EventDate "2020.09.16"]

1. Nf3 Nf6 2. c4 c5 3. Nc3 e6 4. d4 cxd4 5. Nxd4 a6 6. e4 Qc7 7. a3 b6 8. Be3
Bb7 9. f3 d6 10. Be2 Be7 11. O-O O-O 12. Qd2 Nbd7 13. b4 Rac8 14. Rfc1 Rfe8 15.
Nb3 Qb8 16. Kh1 d5 17. cxd5 exd5 18. Bf4 Bd6 19. Bxd6 Qxd6 20. Bf1 Qe5 21. Nxd5
Nxd5 22. Rxc8 Rxc8 23. exd5 Nf6 24. d6 Rd8 25. Rd1 Qe6 26. Qd3 h6 27. a4 Ne8 28.
Qc3 Rxd6 29. Re1 Qd7 30. a5 Nf6 31. axb6 Rxb6 32. Nc5 Qc8 33. Qd4 Bd5 34. Ne4
Qb7 35. Nxf6+ 1-0

[Event "ch-Schachbundesliga 2020"]
[Site "Karlsruhe GER"]
[Date "2020.09.17"]
[Round "2.4"]
[Board "3"]
[White "Sprenger, Jan Michael"]
[Black "Korobov, Anton"]
[Result "0-1"]
[WhiteTitle "GM"]
[BlackTitle "GM"]
[WhiteElo "2482"]
[BlackElo "2688"]
[WhiteTeam "SF Berlin"]
[BlackTeam "SC Viernheim"]
[WhiteFideId "4646258"]
[BlackFideId "14105730"]
[EventDate "2020.09.16"]

1. e4 c5 2. Nf3 d6 3. d4 cxd4 4. Nxd4 Nf6 5. Nc3 a6 6. Be2 e6 7. a4 Be7 8. O-O
O-O 9. f4 Qc7 10. Kh1 Nc6 11. Be3 Bd7 12. Nb3 b6 13. Bf3 Bc8 14. g4 Bb7 15. g5
Nd7 16. Bg2 Rfe8 17. Qd2 Na5 18. Nxa5 bxa5 19. Ne2 Rac8 20. Ng3 Qxc2 21. Qxa5
Qb3 22. Qe1 Rc2 23. Bd4 e5 24. Bc3 exf4 25. Rxf4 Bxg5 26. Rf3 Rxg2 27. Kxg2 Nc5
28. Bd4 Qe6 29. Bxc5 dxc5 30. Qc3 Bxe4 31. Nxe4 Qxe4 32. Qxc5 h6 33. Rf1 Qg4+
34. Rg3 Qxa4 35. Qd5 Re2+ 36. Kh1 Qe8 37. Rgf3 Bf6 38. Rxf6 gxf6 39. Rg1+ Kh8
40. Qf3 Qe4 41. Qxe4 Rxe4 42. Ra1 Re6 43. Ra5 Kg7 44. Kg2 Kg6 45. Kf3 f5 46. b4
Rb6 47. Kg3 Kg5 48. h4+ Kg6 49. Kf3 f6 50. Kg3 h5 51. Ra3 Rxb4 52. Rxa6 Rg4+ 53.
Kf3 Rxh4 54. Ra8 Rg4 55. Rg8+ Kh7 56. Rf8 Kg7 57. Ra8 h4 58. Ra7+ Kg6 59. Ra8
Rg5 60. Ra4 h3 61. Ra2 Rh5 62. Kg3 h2 63. Rxh2 f4+ 64. Kg2 Rxh2+ 65. Kxh2 Kf5 0-1

[Event "ch-Schachbundesliga 2020"]
[Site "Karlsruhe GER"]
[Date "2020.09.17"]
[Round "2.4"]
[Board "4"]
[White "Kovalenko, Igor"]
[Black "Blohberger, Felix"]
[Result "1-0"]
[WhiteTitle "GM"]
[BlackTitle "IM"]
[WhiteElo "2645"]
[BlackElo "2467"]
[WhiteTeam "SC Viernheim"]
[BlackTeam "SF Berlin"]
[WhiteFideId "14117908"]
[BlackFideId "1632051"]
[EventDate "2020.09.16"]

1. c4 e5 2. g3 c6 3. d4 Bb4+ 4. Nc3 d6 5. Nf3 e4 6. Nh4 Nf6 7. Bd2 Bxc3 8. Bxc3
d5 9. b3 O-O 10. Ng2 Bh3 11. Qd2 Na6 12. a4 Nc7 13. Bb4 Re8 14. Ne3 Bxf1 15.
Kxf1 Qd7 16. h3 Rad8 17. Rd1 Ne6 18. Bc3 c5 19. Qb2 dxc4 20. d5 Nd4 21. bxc4 Nf5
22. Bxf6 Nxe3+ 23. fxe3 Qf5+ 24. Kg2 Qxf6 25. Qxf6 gxf6 26. Rb1 b6 27. Rb5 Rd6
28. Rhb1 Kf8 29. a5 Ra8 30. g4 Ke7 31. Kg3 f5 32. Ra1 Rg8 33. axb6 axb6 34. Ra7+
Kf6 35. Kf4 fxg4 36. hxg4 Rg6 37. Rb7 Kg7 38. g5 h6 39. gxh6+ Rxh6 40. Kxe4 Rdg6
41. Kd3 Kf8 42. Rb1 Rf6 43. Ra1 Kg7 44. Rg1+ Kf8 45. Rb8+ Ke7 46. Rgg8 Rd6 47.
Rb7+ Rd7 48. Rgb8 1-0

[Event "ch-Schachbundesliga 2020"]
[Site "Karlsruhe GER"]
[Date "2020.09.17"]
[Round "2.4"]
[Board "5"]
[White "Jakubowski, Krzysztof"]
[Black "Abergel, Thal"]
[Result "1-0"]
[WhiteTitle "GM"]
[BlackTitle "GM"]
[WhiteElo "2481"]
[BlackElo "2460"]
[WhiteTeam "SF Berlin"]
[BlackTeam "SC Viernheim"]
[WhiteFideId "1112848"]
[BlackFideId "614890"]
[EventDate "2020.09.16"]

1. e4 c5 2. Nc3 e6 3. Nge2 Nc6 4. d4 cxd4 5. Nxd4 Nf6 6. Ndb5 Bb4 7. a3 Bxc3+ 8.
Nxc3 d5 9. exd5 exd5 10. Bd3 O-O 11. O-O d4 12. Ne2 Bg4 13. Bg5 Re8 14. Re1 Qd6
15. Qd2 Bxe2 16. Rxe2 Rxe2 17. Qxe2 Re8 18. Qd2 Nd7 19. Re1 Rxe1+ 20. Qxe1 Nf8
21. Qe4 g6 22. b4 a6 23. Bc4 Ne6 24. Bc1 b5 25. Bd5 Ne7 26. Bb3 Nc6 27. g3 Ne5
28. Bh6 Nc4 29. Qa8+ Qd8 30. Qxa6 Nc7 31. Qb7 d3 32. cxd3 Nxa3 33. Qa7 1-0

[Event "ch-Schachbundesliga 2020"]
[Site "Karlsruhe GER"]
[Date "2020.09.17"]
[Round "2.4"]
[Board "6"]
[White "Tarlev, Konstantin"]
[Black "Schmidek, Emil"]
[Result "1/2-1/2"]
[WhiteTitle "GM"]
[BlackTitle "FM"]
[WhiteElo "2561"]
[BlackElo "2395"]
[WhiteTeam "SC Viernheim"]
[BlackTeam "SF Berlin"]
[WhiteFideId "14114089"]
[BlackFideId "12908150"]
[EventDate "2020.09.16"]

1. e4 e5 2. Nf3 Nc6 3. Bb5 a6 4. Ba4 Nf6 5. O-O Be7 6. Re1 b5 7. Bb3 d6 8. c3
O-O 9. h3 Nb8 10. d4 Nbd7 11. Nbd2 Bb7 12. Bc2 Re8 13. Nf1 Bf8 14. Bg5 h6 15.
Bh4 Be7 16. a4 c5 17. dxe5 dxe5 18. Ne3 Qc7 19. c4 Bf8 20. axb5 axb5 21. Rxa8
Bxa8 22. cxb5 Nxe4 23. Nd5 Bxd5 24. Qxd5 Nd6 25. Nxe5 Nxe5 26. Rxe5 Rxe5 27.
Qxe5 Nxb5 28. Qe4 g6 29. Bb3 Kg7 30. Qe8 Nd4 31. Bc4 Qf4 32. b3 Ne2+ 33. Qxe2
Qxh4 34. Qf3 1/2-1/2

[Event "ch-Schachbundesliga 2020"]
[Site "Karlsruhe GER"]
[Date "2020.09.17"]
[Round "3.1"]
[Board "1"]
[White "Mamedyarov, Shakhriyar"]
[Black "L'Ami, Erwin"]
[Result "1/2-1/2"]
[WhiteTitle "GM"]
[BlackTitle "GM"]
[WhiteElo "2764"]
[BlackElo "2620"]
[WhiteTeam "SC Viernheim"]
[BlackTeam "SG Solingen"]
[WhiteFideId "13401319"]
[BlackFideId "1007998"]
[EventDate "2020.09.16"]

1. d4 d5 2. c4 e6 3. Nc3 Nf6 4. cxd5 exd5 5. Bg5 c6 6. Qc2 h6 7. Bh4 g6 8. f3
Bg7 9. O-O-O O-O 10. e4 dxe4 11. fxe4 g5 12. Bg3 Ng4 13. Qd2 c5 14. h3 cxd4 15.
hxg4 Bxg4 16. Nd5 Bxd1 17. Bc7 Qe8 18. Rxh6 Qxe4 19. Bd3 Qxd5 20. Bh7+ Kh8 21.
Be4+ Bxh6 22. Bxd5 Rc8 23. Kxd1 Rxc7 24. Nf3 Nc6 25. Nxg5 Kg7 26. Qf4 Rac8 27.
Qg3 Bxg5 28. Qxg5+ Kf8 29. Qf6 Nd8 30. g4 Rd7 31. Be4 Rc6 32. Bxc6 Nxc6 33. g5
Ke8 34. b4 a6 35. a4 d3 36. Kd2 Rd5 37. Qf4 Rd7 38. Qf5 Kd8 39. Qc5 Ke8 40. a5
Nd8 41. Qe5+ Kf8 42. Qe4 Rd6 43. Qe5 Rd7 44. Kc1 d2+ 45. Kd1 Nc6 46. Qh8+ Ke7
47. b5 Nxa5 48. bxa6 Nc4 49. Qf6+ Ke8 50. Qc3 b5 51. g6 f6 52. a7 Rxa7 53. Qxf6
Re7 54. Qh8+ Kd7 55. Qh3+ Kd8 56. Qh4 Ke8 57. Qh8+ 1/2-1/2

[Event "ch-Schachbundesliga 2020"]
[Site "Karlsruhe GER"]
[Date "2020.09.17"]
[Round "3.1"]
[Board "3"]
[White "Kryvoruchko, Yuriy"]
[Black "Van Foreest, Jorden"]
[Result "1-0"]
[WhiteTitle "GM"]
[BlackTitle "GM"]
[WhiteElo "2682"]
[BlackElo "2682"]
[WhiteTeam "SC Viernheim"]
[BlackTeam "SG Solingen"]
[WhiteFideId "14109182"]
[BlackFideId "1039784"]
[EventDate "2020.09.16"]

1. c4 Nf6 2. Nc3 g6 3. e4 d6 4. d4 Bg7 5. Be2 O-O 6. Bg5 c5 7. d5 e6 8. Qd2 exd5
9. exd5 Bf5 10. Nf3 Qb6 11. Nh4 Ne4 12. Nxe4 Bxe4 13. f3 h6 14. Bxh6 Bxh6 15.
Qxh6 Qxb2 16. Rc1 Bc2 17. O-O Nd7 18. Rf2 Ba4 19. Bd1 Qa3 20. Bxa4 Qxa4 21. f4 1-0

[Event "ch-Schachbundesliga 2020"]
[Site "Karlsruhe GER"]
[Date "2020.09.17"]
[Round "3.2"]
[Board "2"]
[White "Baldauf, Marco"]
[Black "Wojtaszek, Radoslaw"]
[Result "1/2-1/2"]
[WhiteTitle "GM"]
[BlackTitle "GM"]
[WhiteElo "2503"]
[BlackElo "2717"]
[WhiteTeam "SF Berlin"]
[BlackTeam "OSG Baden-Baden"]
[WhiteFideId "4688210"]
[BlackFideId "1118358"]
[EventDate "2020.09.16"]

1. d4 Nf6 2. c4 e6 3. Nc3 Bb4 4. Qc2 d5 5. cxd5 exd5 6. Bg5 h6 7. Bh4 Nc6 8. e3
g5 9. Bg3 h5 10. Bb5 h4 11. Be5 O-O 12. Bxc6 bxc6 13. Ne2 Rb8 14. O-O Bd6 15. f4
Ng4 16. Rf3 gxf4 17. exf4 Qe7 18. h3 Nh6 19. g4 f6 20. Bxd6 cxd6 21. Kf2 f5 22.
Re3 Qd7 23. g5 Nf7 24. Re1 Nh8 25. b3 Ng6 26. Qd2 Qb7 27. Nc1 Qb4 28. R3e2 Bd7
29. Kg1 Kf7 30. Kh2 Rfe8 31. Rxe8 Bxe8 32. Re3 Bd7 33. N1e2 Rf8 34. Kg1 Bc8 35.
Qd3 Kg7 36. Kf2 Qa5 37. Qc2 Qb4 38. Na4 Ba6 39. Nac3 Bc8 40. Na4 Ba6 41. Nac3 1/2-1/2

[Event "ch-Schachbundesliga 2020"]
[Site "Karlsruhe GER"]
[Date "2020.09.17"]
[Round "3.2"]
[Board "3"]
[White "Rapport, Richard"]
[Black "Sprenger, Jan Michael"]
[Result "1/2-1/2"]
[WhiteTitle "GM"]
[BlackTitle "GM"]
[WhiteElo "2760"]
[BlackElo "2482"]
[WhiteTeam "OSG Baden-Baden"]
[BlackTeam "SF Berlin"]
[WhiteFideId "738590"]
[BlackFideId "4646258"]
[EventDate "2020.09.16"]

1. Nf3 Nf6 2. c4 e6 3. g3 d5 4. Bg2 dxc4 5. Qa4+ c6 6. Qxc4 b5 7. Qc2 Bb7 8. Nc3
Nbd7 9. O-O a6 10. a4 Rc8 11. d3 Be7 12. h3 O-O 13. e4 Qb6 14. Be3 c5 15. Qe2
Ba8 16. Rfb1 Qb8 17. axb5 axb5 18. Bf4 Qb6 19. Nd2 Bc6 20. Be3 Qc7 21. Nb3 Ra8
22. Rxa8 Rxa8 23. d4 b4 24. d5 bxc3 25. dxc6 Qxc6 26. bxc3 Qa6 27. Qxa6 Rxa6 28.
Nxc5 Nxc5 29. Rb8+ Bf8 30. Bxc5 Ra1+ 31. Bf1 Nd7 32. Rxf8+ Nxf8 33. Kg2 Nd7 34.
Bd4 e5 35. Be3 Nf6 36. Bd3 Ra3 37. Bd2 Nd7 38. Bc4 Nb6 39. Bb5 Nc8 40. Bc6 Nd6
41. Bd5 Ra4 42. Be3 h6 43. Kf3 Ra3 44. c4 Rc3 45. Kg4 Nxc4 46. Ba7 g6 47. Bb8
Kg7 48. Bxc4 Rxc4 49. Bxe5+ f6 50. Bf4 Rxe4 51. Kf3 Ra4 52. Be3 g5 53. g4 Kf7
54. Bb6 Ke6 55. Bc7 Ra3+ 56. Kg2 Rc3 57. Bg3 Kd5 58. Bh2 Ke4 59. Bd6 Rc6 60. Bf8
f5 61. gxf5 Kxf5 62. Bb4 Rb6 63. Bc5 Rc6 64. Be3 Rc4 65. Bb6 Rb4 66. Bc5 Ra4 67.
Bf8 Ra8 68. Bc5 Rc8 69. Ba7 Rc3 70. Bd4 Rd3 71. Bc5 Kf4 72. Bf8 h5 73. Bc5 Rb3
74. Bd6+ Kf5 75. Bc5 Ke4 76. Ba7 Rb7 77. Be3 Rb5 78. Bc1 Kd3 79. Be3 Ke2 80. Ba7
Ra5 81. Be3 Rf5 82. Bb6 Rf3 83. Bc5 Rf5 84. Be3 Rd5 85. Bb6 Rd6 86. Bc5 Rg6 87.
Be3 g4 88. Ba7 gxh3+ 89. Kxh3 Rg4 90. Be3 Kf3 91. Bb6 Rg1 92. Kh2 Rg2+ 93. Kh3
Rg1 94. Kh2 Rb1 95. Be3 Rb4 96. Bc5 Rh4+ 97. Kg1 Rc4 98. Be3 Kg4 99. Kg2 Rc2
100. Bd4 h4 101. Be3 Ra2 102. Bd4 h3+ 103. Kh2 Ra6 104. Bc5 Kf3 105. Be3 Ra5
106. Bb6 Rg5 107. Be3 Rg8 108. Bb6 Rg7 109. Be3 Rg8 110. Bb6 Kg4 111. Be3 Ra8
112. Bc5 Ra2 1/2-1/2

[Event "ch-Schachbundesliga 2020"]
[Site "Karlsruhe GER"]
[Date "2020.09.17"]
[Round "3.2"]
[Board "6"]
[White "Schmidek, Emil"]
[Black "Naiditsch, Arkadij"]
[Result "0-1"]
[WhiteTitle "FM"]
[BlackTitle "GM"]
[WhiteElo "2395"]
[BlackElo "2624"]
[WhiteTeam "SF Berlin"]
[BlackTeam "OSG Baden-Baden"]
[WhiteFideId "12908150"]
[BlackFideId "4650891"]
[EventDate "2020.09.16"]

1. d4 Nf6 2. c4 e6 3. Nc3 Bb4 4. e3 b6 5. Ne2 Ba6 6. a3 Be7 7. Nf4 O-O 8. Bd3 d5
9. cxd5 Bxd3 10. Qxd3 exd5 11. O-O Qd7 12. Bd2 Nc6 13. b4 Nd8 14. f3 Ne6 15.
Nxe6 fxe6 16. b5 Rac8 17. Ne2 c5 18. bxc6 Rxc6 19. Bb4 Rfc8 20. Rfc1 Rc4 21.
Rxc4 dxc4 22. Qd2 Bxb4 23. axb4 Nd5 24. Ra3 Qe7 25. Nf4 Nxf4 26. exf4 a5 27. Re3
axb4 28. Qe2 c3 29. Rxe6 Qf7 30. Re7 c2 0-1

[Event "ch-Schachbundesliga 2020"]
[Site "Karlsruhe GER"]
[Date "2020.09.17"]
[Round "3.3"]
[Board "2"]
[White "Areshchenko, Alexander"]
[Black "Koch, Thomas1"]
[Result "1-0"]
[WhiteTitle "GM"]
[BlackTitle "IM"]
[WhiteElo "2678"]
[BlackElo "2461"]
[WhiteTeam "SV Werder Bremen"]
[BlackTeam "Aachener SV"]
[WhiteFideId "14109530"]
[BlackFideId "4600533"]
[EventDate "2020.09.16"]

1. e4 c5 2. Nf3 d6 3. d4 cxd4 4. Nxd4 Nf6 5. Nc3 a6 6. Be2 e6 7. f4 Qc7 8. O-O
Be7 9. Be3 O-O 10. g4 Nc6 11. g5 Nxd4 12. Qxd4 Nd7 13. f5 Re8 14. Rf2 b5 15.
fxe6 fxe6 16. Nd5 exd5 17. Qxd5+ Kh8 18. Qxa8 Nb6 19. Bxb6 Qxb6 20. Rf1 Bxg5 21.
Qc6 1-0

[Event "ch-Schachbundesliga 2020"]
[Site "Karlsruhe GER"]
[Date "2020.09.17"]
[Round "3.3"]
[Board "4"]
[White "Van Foreest, Lucas"]
[Black "Piceu, Tom"]
[Result "0-1"]
[WhiteTitle "GM"]
[BlackTitle "IM"]
[WhiteElo "2531"]
[BlackElo "2347"]
[WhiteTeam "SV Werder Bremen"]
[BlackTeam "Aachener SV"]
[WhiteFideId "1039792"]
[BlackFideId "201952"]
[EventDate "2020.09.16"]

1. e4 c5 2. Nf3 d6 3. d4 cxd4 4. Nxd4 Nf6 5. Nc3 a6 6. Bg5 e6 7. f4 h6 8. Bh4
Nbd7 9. Be2 b5 10. f5 e5 11. Ne6 fxe6 12. fxe6 Nb6 13. Bh5+ Ke7 14. O-O Bxe6 15.
Nd5+ Bxd5 16. exd5 Kd7 17. Bf7 Be7 18. Bf2 Kc7 19. Re1 Kb7 20. a4 Qc7 21. a5 Nc4
22. b3 Nxa5 23. c4 Nd7 24. c5 Nxc5 25. b4 Rhf8 26. Bh5 Ncb3 27. Ra2 Bd8 28. bxa5
Nxa5 29. Rc2 Nc4 30. Qd3 Qd7 31. Rb1 Bb6 32. Qxc4 Rxf2 33. Qc6+ Qxc6 34. dxc6+
Kc7 35. Rxf2 Rf8 36. Rb2 d5 37. Bf3 e4 0-1